00868nam a2200241Ia 450000500170000000800410001702000150005804000180007304100080009110000260009924501600012526000410028530000180032649000350034450400390037965000120041865000160043065000380044665000150048465000260049970000310052576500700055620211111074326.0130821s1996 sp gr spa  a8449302951 aCo-BoUCMbspa00aspa1 aVan Parijs, Philippe.10aLibertad real para todos qué puede justificar al capitalismo (si hay algo que pueda hacerlo)cPhilippe Van Parijs ; traducción de J. Francisco Alvarez aBarcelona (España)bPaidósc1996 a367 páginas aPaidós Estado y Sociedadv45 aIncluye bibliografía e índice.04aCapital04aCapitalismo04aDemocraciaxAspectos económicos04aEconomía04aSistemas económicos1 aAlvarez, J. Franciscoetr. aReal freedom for all. What (if anything) can justify capitalism?.